Дело об обращении членов Государственной думы Четвертого созыва к министру внутренних дел по вопросу об ограждении местностей Ба...

RUSMARC
00004847cmc2a2200000#x 450
001d2460bfe-957d-4a2a-8998-7f93aaa3e0c7
00520200909143507.0
1010#$arus
102##$aRU
2001#$aДело об обращении членов Государственной думы Четвертого созыва к министру внутренних дел по вопросу об ограждении местностей Бакинского района от распространения чумы
$j7-8 мая 1914 г.
251##$cДело
215##$a10 листов
$d36,5х26 см
2250#$aФонд Государственная дума I, II, III и IV созывов
$hОпись № 5
300##$aОригинальный заголовок дела: Дело об обращении к Председателю Совета министров и Наместнику его Императорского Величества на Кавказе, в порядке статьи 40 Учреждения Государственной думы, за разъяснениями по вопросу о мерах, принимаемых к ограждению местностей Бакинского района от распространения чумной эпидемии (внесено за подписью 32 членов Государственной думы 5 мая 1914 года). 7-8 мая 1914 г.
300##$aПечатный и машинописный текст, с рукописными пометами
801#0$aRU
$bРГИА
801#1$aRU
$bПБ им. Б.Н. Ельцина
$2rusmarc
$c20170802
801#2$aRU
$bПБ им. Б.Н. Ельцина
$gRCR
$2rusmarc
850##$aФедеральное казенное учреждение "Российский государственный исторический архив" (РГИА)
852##$aРГИА
$j989
100##$a20140206l19141914k##a0rusy0102####ca
937##$d10950174
$hПБ
105##$ay###
1222#$ad19140507##
$ad19140508##
5171#$aДело об обращении к Председателю Совета министров и Наместнику его Императорского Величества на Кавказе, в порядке статьи 40 Учреждения Государственной думы, за разъяснениями по вопросу о мерах, принимаемых к ограждению местностей Бакинского района от распространения чумной эпидемии (внесено за подписью 32 членов Государственной думы 5 мая 1914 года)
$e7-8 мая 1914 г.
461#0$100148572405-38c5-4094-b713-85756505f9f4
$12001
$aГосударственная Дума I, II, III и IV созывов
$1251
$cФонд
$1852
$j1278
462#0$1001738a68d6-6ea7-48b2-886e-08c6c19a37fc
$12001
$a1912-1917 гг.
$vД. 989
$1251
$cОпись
$1852
$j5
035##$ad2460bfe-957d-4a2a-8998-7f93aaa3e0c7
856##$uhttp://readingroom.main.prlib.ru/item.aspx?id_node=n101127059
605##$2acquisition_Prlib
$3LIBNET\UAF\0000089563
$aПредупреждение и борьба с эпидемиями в России
$lколлекция
Формат отображения